000 01098nam a2200253 a 4500
001 41067
003 BD-RjUL
005 20211209053325.0
008 160514s1973 ii ||||| |||| 00| f ben d
020 _c: IRs. 4.00
035 _a(BD-RjUL) 41183
040 _aBD-RjUL
_bben
_cBD-RjUL
041 _aben
082 _223
_a891.443
_bBAP 1973
100 _aবশীর, ভৈকম মহম্মদ
_9126354
245 1 0 _aপাতুম্মার ছাগল ও বাল্যসখী /
_cভৈকম মহম্মদ বশীর ; নিলীনা আব্রাহাম, অনুবাদক
260 _aনিউ দিল্লী :
_bন্যাশনাল বুক ট্রাস্ট,
_c১৯৭৩
300 _axvi, ১৬১ পৃ. ;
_c২১ সেমি.
500 _aঅন্তর্ভারতীয় পুস্তকমালা
650 _aবাংলা উপন্যাস
_9126355
650 _aBengali Fiction
_9126356
700 _aআব্রাহাম, নিলীনা, অনুবাদক
_9126357
942 _2ddc
_cBK
999 _c41067
_d41067